Starring Scarlett Johansson - Statistics

General Stats
  • This quiz has been taken 20 times
  • The average score is 14 of 25
Answer Stats
Plot Year Released Movie % Correct
A woman, accidentally caught in a dark deal, turns the tables on her captors and transforms into a merciless warrior evolved beyond human logic. 2014 Lucy
92%
A young German boy in the Hitler Youth, whose hero and imaginary friend is the country's dictator, is shocked to discover that his mother is hiding a Jewish girl in their home. 2019 Jojo Rabbit
85%
Natasha Romanoff confronts the darker parts of her ledger when a dangerous conspiracy with ties to her past arises. 2021 Black Widow
77%
In the near future, a lonely writer develops an unlikely relationship with an operating system designed to meet his every need. 2013 Her
77%
Earth's mightiest heroes must come together and learn to fight as a team if they are going to stop the mischievous Loki and his alien army from enslaving humanity. 2012 The Avengers
77%
After a threat from the tiger Shere Khan forces him to flee the jungle, a man-cub named Mowgli embarks on a journey of self discovery with the help of panther Bagheera and free-spirited bear Baloo. 2016 The Jungle Book
77%
A father moves his young family to the countryside to renovate and re-open a struggling zoo. 2011 We Bought A Zoo
77%
A fading movie star falls for a lonely young woman in Tokyo. 2003 Lost In Translation
69%
Two sisters contend for the affection of King Henry VIII. 2008 The Other Boleyn Girl
69%
In a city of humanoid animals, a hustling theater impresario's attempt to save his theater with a singing competition becomes grander than he anticipates even as its finalists find that their lives will never be the same. 2016 Sing
62%
In 2019, a mercenary pursues a man and woman who escaped a research facility after learning their true fate. 2005 The Island
62%
A college graduate goes to work as a nanny for a rich New York family. Ensconced in their home, she has to juggle their dysfunction, a new romance, and the spoiled brat in her charge. 2007 The Nanny Diaries
62%
Rival 19th-century magicians engage in a bitter battle for trade secrets. 2006 The Prestige
62%
A head chef quits his restaurant job and buys a food truck in an effort to reclaim his creative promise, while piecing back together his estranged family. 2014 Chef
54%
Following a writer on his world famous fictional play about a grieving father who travels with his tech-obsessed family to small rural city to compete in a junior stargazing event, only to have his world view disrupted forever. 2023 Asteroid City
46%
A New Jersey guy dedicated to his family, friends, and church, develops unrealistic expectations from watching porn and works to find happiness and intimacy with his potential true love. 2013 Don Jon
46%
Marketing maven Kelly Jones wreaks havoc on NASA launch director Cole Davis's already difficult task. When the White House deems the mission too important to fail, the countdown truly begins. 2024 Fly Me To The Moon
46%
Two friends on a summer holiday in Spain become enamored with the same painter, unaware that his ex-wife, with whom he has a tempestuous relationship, is about to re-enter the picture. 2008 Vicky Cristina Barcelona
46%
In the near future, Major Mira Killian is the first of her kind: A human saved from a terrible crash, who is cyber-enhanced to be a perfect soldier devoted to stopping the world's most dangerous criminals. 2017 Ghost In The Shell
38%
A Hollywood fixer in the 1950s works to keep the studio's stars in line. 2016 Hail, Caesar!
31%
Things go terribly wrong for a group of girlfriends who hire a male stripper for a bachelorette party in Miami. 2017 Rough Night
31%
Six high school seniors decide to break into the Princeton Testing Center so they can steal the answers to their upcoming SAT tests and all get perfect scores. 2004 The Perfect Score
31%
This Baltimore-set movie of interconnecting story arcs deals with the challenges of reading or misreading human behavior. 2009 He's Just Not That Into You
23%
A boy's odyssey in search of his lost dog. 2018 Isle Of Dogs
23%
The untold origin story of Optimus Prime and Megatron, better known as sworn enemies, but who once were friends bonded like brothers who changed the fate of Cybertron forever. 2024 Transformers One
23%
No matching quizzes found
Score Distribution
Percent of People with Each Score
Percentile by Number Answered
Your Score History
You have not taken this quiz